සිංහල ගම්වල පිළිවෙත්, විශ්වා ස හා චා රිත්ර : 1928 දී ආචා ර්ය උපා ධිය සඳහා ලන්ඩන් විශ්වවිද්යා ලයට ඉදිරිපත් කළ නිබන්ධය/
Saved in:
| Main Author: | |
|---|---|
| Format: | Book |
| Language: | English Sinhalese |
| Published: |
කො ළඹ 10 :
ගො ඩගේ,
2017.
|
| Edition: | ප්රථම |
| Subjects: | |
| Tags: |
Add Tag
No Tags, Be the first to tag this record!
|
MARC
| LEADER | 00000nam a22000007a 4500 | ||
|---|---|---|---|
| 003 | LK-GaPL | ||
| 005 | 20221021092551.0 | ||
| 008 | 221021b |||||||| |||| 00| 0 eng d | ||
| 020 | |a 9789553080059 | ||
| 040 | |a LK-GaPL |b sin |d LK-GaPL | ||
| 041 | |a sin | ||
| 082 | |2 23 |a 398.41095493 |b සො යිසා | ||
| 100 | |a සො යිසා , ඒ.පී.ද | ||
| 245 | |a සිංහල ගම්වල පිළිවෙත්, විශ්වා ස හා චා රිත්ර : |b 1928 දී ආචා ර්ය උපා ධිය සඳහා ලන්ඩන් විශ්වවිද්යා ලයට ඉදිරිපත් කළ නිබන්ධය/ |c ඒ.පී.ද සො යිසා | ||
| 250 | |a ප්රථම | ||
| 260 | |a කො ළඹ 10 : |b ගො ඩගේ, |c 2017. | ||
| 300 | |a පි. 152 ; |c සෙ.මි.21 | ||
| 505 | |a 1.දරු උපත් හා සම්බන්ධ චාරිත්ර හා පිළිවෙත් 2. ළමයින් හා ඔවුන්ගේ අධ්යාපන හා සම්බන්ධ උත්සව 3. විවාහය 4. ගොඩනැගිලි සම්බන්ධ පිළිවෙත් හා විශ්වාස 5. රෝග හා ප්රතිකාර 6. හදි හූනියම් 7. සතුන් හා පැළෑටි පිළිබඳ විශ්වාස 8. සිහින 9. එළඹෙන සිද්ධිවල සෙවණැලි 10.ජ්යෝතිෂය හා දේහ ලක්ෂණ විද්යාව 11. ගමේ රැකියා හා සම්බන්ධ පිළිවෙත් 12. අවමංගල්ය චාරිත්ර 13. ආරාමික ජීවිතය 14. බහුවිධ කරුණු | ||
| 650 | 0 | |a ජනශ්රැ තිය | |
| 653 | |a ජන විශ්වා ස | ||
| 942 | |c LBK | ||
| 999 | |c 9626 |d 9626 | ||